000 01462cam a22003857a 4500
003 CHAP
005 20220329142412.0
008 001127d2000 mx a r 00110 spa d
010 _a82959
011 _a83931
035 _a94450
040 _cCHAP
090 _aTesis
100 0 0 _aZaragoza Torres, David.
_9123685
245 1 0 _aEfecto del tamaño y arreglo de las boquillas TX en la aplicación de Bacillus thuringiensis Berliner. Para el control de Plutella xylostella L. en brócoli, en Irapuato Guanajuato
_c/por David Zaragoza Torres
260 _aChapingo, Méx. :
_bEl autor,
_c2000.
300 _a56 h. :
_bilus.
502 _aTesis (Ing. Agr. Esp. en Parasitología Agrícola) UACH. Departamento de Parasitología Agrícola
590 _aALEPH
_b10
_c20130110
_lUCH01
_h1439
590 _aBATCH-UPD
_b10
_c20130110
_lUCH01
_h0211
590 _aBATCH-UPD
_b10
_c20130110
_lUCH01
_h0744
590 _aBATCH-UPD
_b10
_c20130409
_lUCH01
_h2227
590 _aBATCH-UPD
_b10
_c20130914
_lUCH01
_h0515
590 _aCONVERSION
_b10
_c20130109
_lUCH01
_h1346
650 1 4 _aBacillus thuringiensis.
_99298
650 1 4 _aBoquillas.
_913816
650 1 4 _aBrócoli
_xGuanajuato.
_915537
650 1 4 _aBrócoli
_xPlagas
_xControl.
_915547
650 1 4 _aPlutella xylostella.
_989328
901 _aBK
905 _aLilia Sánchez G.
942 _cFOLL
949 _bBC
_cTES
_d33724000582607
_eTS2
_fc.2
_h37503
_i94450
_sb
949 _bBC
_cTES
_d944501
_eTS1
_h37502
_i94450
_sb
999 _c82959
_d82959